• 首页
  • 本馆介绍
  • 公告通知
  • 最新文献
  • 馆藏检索
  • 电子资源
  • 读者导购
  • 参考咨询
  • 我的图书馆
  • 登录
  • 详细信息显示
  • 放入我的书架
  • 预约/预借图书
  • 作者相关作品
  • 分类相关作品
  • 丛书相关作品
  • 出版社相关作品

书目信息

  • 表格格式
  • 工作单格式
  • 卡片格式
题名:
起点与重力
    
 
作者: 华黎 著
分册:  
出版信息: 北京   中国建筑工业出版社  2015.11
页数: 253页
开本: 23cm
丛书名: 建筑界丛书
单 册:
中图分类: TU206
科图分类:
主题词: 建筑设计--中国--现代--图集
电子资源:
ISBN: 978-7-112-18227-5
000 00865nam 2200265 450
001 0400004892
005 20171025115931.0
010    @a978-7-112-18227-5@dCNY132.00
100    @a20160113e20172015em y0chiy50 ea
101 0  @achi
102    @aCN@b110000
105    @aa z 000yy
106    @ar
200 1  @a起点与重力@9qi dian yu zhong li@b专著@dOrigin and gravity@f华黎[著]@zeng
210    @a北京@c中国建筑工业出版社@d2015.11@h2017.1
215    @a253页@c图,照片@d23cm
225 0  @a建筑界丛书@h第二辑
330    @a本书介绍了中国新一代建筑师华黎的作品,从学术角度剖析其代表作,展示当代建筑设计的最新研究成果。
461  0 @12001 @a建筑界丛书
510 1  @aOrigin and gravity@zeng
606 0  @a建筑设计@y中国@z现代@j图集
690    @aTU206@v5
701  0 @a华黎@9hua li@f(1972-)@4著
801  0 @aCN@b91MARC@c20171025
905    @b1039793-6@dTU206@f4@e1353
    
    起点与重力=Origin and gravity/华黎[著].-北京:中国建筑工业出版社,2015.11(2017.1)
    253页:图,照片;23cm.-(建筑界丛书.第二辑)
    
    
    ISBN 978-7-112-18227-5:CNY132.00
    本书介绍了中国新一代建筑师华黎的作品,从学术角度剖析其代表作,展示当代建筑设计的最新研究成果。
●
相关链接 在E读中查询图书 在五车中查询图书 在当当中查询图书 在豆瓣中查询图书


正题名:起点与重力     索取号:TU206/1353         预约/预借

序号 登录号 条形码 馆藏地/架位号 状态 备注
1 1039793   210397934   第二样本阅览室/ [索取号:TU206/1353] 在馆    
2 1039794   210397943   密集书库-生命科学系/ [索取号:TU206/1353] 在馆    
3 1039795   210397952   第三借阅区/ [索取号:TU206/1353] 在馆    
4 1039796   210397961   第三借阅区/ [索取号:TU206/1353] 在馆    
唐山师范学院图书馆 欢迎您!
大连网信软件有限公司© 版权所有